000 00290nam a22001337a 4500
008 170731b xxu||||| |||| 00| 0 eng d
020 _a752063324585
041 _aeng
080 _a004
100 _a32
101 _aSHK
245 _aRED HAT LINUX 8 UNLEASHED
_cBALL,B
942 _2udc
_cBK
999 _c22286
_d22286